000 01417nam0a2200361 4500
001 RU\NLR\bibl\296186
005 20250620143824.0
021 _aRU
_b2002-17799
_9894
035 _a(NLR Aleph) 000291501
090 _a1706918
_c1706918
100 _a20020723d2001 |||y0rusy50 ca
101 0 _arus
102 _aRU
105 _ay |||||||||
200 1 _aПолиция США
_eУчеб. пособие
_fД. Д. Шалягин
_gМ-во внутрен. дел Рос. Федерации, Моск. акад.
210 _aМ.
_cМА МВД РФ
_d2001
215 _a92 с.
_d21
320 _aБиблиогр. в подстроч. примеч.
606 0 _aПолиция
_jРуководства, пособия и т.п.
_yСоединенные Штаты Америки
_91935581
_3RU\NLR\auth\66884123
606 0 _aПолиция
_jУчебные издания
_yСоединенные Штаты Америки
_91935581
_3RU\NLR\auth\66884123
610 0 _aПолиция
610 0 _aСША, полиция
675 _a351.74(73)(075.8)
_v3
_zrus
686 _a10.17
_2rugasnti
686 _a67.401.213я73
_2rubbk
686 _aХ819(7США)112.011я7
700 1 _aШалягин
_bД. Д.
_gДмитрий Дмитриевич
_4070
801 0 _aRU
_bRKP
_c20020723
_gPSBO
801 1 _aRU
_bRKP
_c20020723
801 2 _aRU
_bNLR
_c20020919
_grcr
942 _cBOOK
980 _aNB